| 000 | 01075cab a22002055a 4500 | ||
|---|---|---|---|
| 001 | L158719 | ||
| 008 | 150701e20150627xxk 000 0 eng d | ||
| 035 | _a(Sirsi) u158719 | ||
| 041 | 0 | _aeng | |
| 100 | 1 | _aEdwards, Martin | |
| 245 | 0 | 3 | _aAn encouraging start |
| 260 | _c2015 | ||
| 490 |
_aEstates Gazette _v(1525) 27 June 2015, 110-111(2) |
||
| 520 | _aHas the specialist planning court lived up to expectations now it is just over one year old? Notes that a recent study has shown that until Feb 2015, 109 planning cases were heard at the court with the average time for a case being down compared with 2011 although it was noted that a small number of cases took a substantial amount of time. Concludes that the first year of the Court has been a success but further changes to the Criminal Justice and Court Act 2015 could lead to the court considering the planning merits of a development which could lead to delays in other areas. | ||
| 590 | _aKA | ||
| 651 | 4 | _aUnited Kingdom | |
| 690 |
_aPlanning and development _96259 |
||
| 700 | 1 | _aParry, C. | |
| 942 | _n0 | ||
| 999 |
_c84665 _d84665 |
||